Dokonalé stopy /
Dokonalý zločin je takový, o kterém nikdo neví. Dvojice detektivů se potýká s vrahem, jehož specialitou je dokonalé zametání stop a matení vyšetřovatelů.
Uloženo v:
| Série: | Inspektor Luc Callanach,
část 1 |
|---|---|
| Hlavní autor: | |
| Další autoři: | , , |
| Médium: | E-audiokniha |
| Jazyk: | Czech |
| Vydáno: |
Praha :
Plus,
[2019]
|
| Témata: | |
| Příbuzné jednotky: | Z cyklu::
Inspektor Luc Callanach |
| Tagy: |
Žádné tagy |
| LEADER | 05189nim a2201177 ia4500 | ||
|---|---|---|---|
| 001 | 313069 | ||
| 003 | CZ PrSKC | ||
| 005 | 20260601215734.0 | ||
| 007 | sd fungnnmmned | ||
| 008 | 190617t20192019xr nnnng f n cze | ||
| 015 | |a cnb003102938 | ||
| 024 | 3 | |a 8594050426894 | |
| 040 | |a ABA001 |b cze |e rda | ||
| 041 | 1 | |d cze |h eng | |
| 072 | 7 | |a 821.111-3 |x Anglická próza, anglicky psaná |2 Konspekt | |
| 080 | |a 821.111-31 |2 MRF | ||
| 080 | |a (0:82-312.4) |2 MRF | ||
| 080 | |a (086.7)08 |2 MRF | ||
| 080 | |a (086.76) |2 MRF | ||
| 100 | 1 | |a Fields, Helen, |d 1969- |7 xx0224480 |4 aut | |
| 240 | 1 | 0 | |a Perfect remains. |l Česky |
| 245 | 1 | 0 | |a Dokonalé stopy / |c Helen Fieldsová ; z anglického originálu Perfect remains přeložila Nela Knapová |
| 264 | 1 | |a Praha : |b Plus, |c [2019] | |
| 264 | 4 | |c ©2019 | |
| 300 | |a 2 audiodisky (14 hod., 23 min., 31 sek.) ; |c 12 cm | ||
| 306 | |a 142331 | ||
| 336 | |a mluvené slovo |b spw |2 rdacontent | ||
| 337 | |a audio |b s |2 rdamedia | ||
| 338 | |a audiodisk |b sd |2 rdacarrier | ||
| 344 | |a digital |b optical |2 rda | ||
| 347 | |a audio soubor |b MP3 |2 rda | ||
| 500 | |a Název z disku | ||
| 500 | |a Copyright Albatros Media | ||
| 500 | |a Nezkrácená audiokniha ve formátu MP3 na dvou CD | ||
| 500 | |a Podle stejnojmenné knihy vydané Nakladatelstvím Plus v roce 2018 | ||
| 508 | |a Režie Matin Šebestík | ||
| 511 | 0 | |a Čte Jan Šťastný | |
| 520 | 2 | |a Dokonalý zločin je takový, o kterém nikdo neví. Dvojice detektivů se potýká s vrahem, jehož specialitou je dokonalé zametání stop a matení vyšetřovatelů. |b V odlehlém koutě Skotské vysočiny shořelo tělo Elaine Buxtonové. Jediné, podle čeho může policie pohřešovanou právničku identifikovat, je zub a cár zkrvaveného šátku. V tajné místnosti kdesi v Edinburghu mezitím skutečná Elaine Buxtonová vyděšeně křičí do tmy. Inspektor Luc Callanach opustil slibnou kariéru u Interpolu a začíná od nuly. Obstojí před novými kolegy i ve střetu s vrahem, který za sebou pečlivě zahlazuje všechny stopy? Nakladatelská anotace. | |
| 655 | 7 | |a anglické romány |7 fd131814 |2 czenas | |
| 655 | 7 | |a detektivní romány |7 fd132010 |2 czenas | |
| 655 | 7 | |a thrillery (romány) |7 fd184206 |2 czenas | |
| 655 | 7 | |a audioknihy |7 fd119452 |2 czenas | |
| 655 | 7 | |a kompaktní disky |7 fd201991 |2 czenas | |
| 700 | 1 | |a Knapová, Nela |7 ola2015884249 |4 trl | |
| 700 | 1 | |a Šebestík, Martin |7 xx0089616 |4 drt | |
| 700 | 1 | |a Šťastný, Jan, |d 1965- |7 jn19981002491 |4 nrt | |
| 787 | 0 | 8 | |i Z cyklu: |t Inspektor Luc Callanach |g 1 |
| 900 | |a ABA001 |b 19 | ||
| 044 | |a xr | ||
| 505 | 0 | 0 | |t 1.kapitola (8 min., 58 sek.) |
| 505 | 0 | 0 | |t 2.kapitola (12 min., 20 sek.) |
| 505 | 0 | 0 | |t 3.kapitola (6 min., 19 sek.) |
| 505 | 0 | 0 | |t 4.kapitola (7 min., 46 sek.) |
| 505 | 0 | 0 | |t 5.kapitola (16 min., 23 sek.) |
| 505 | 0 | 0 | |t 6.kapitola (10 min., 43 sek.) |
| 505 | 0 | 0 | |t 7.kapitola (22 min., 3 sek.) |
| 505 | 0 | 0 | |t 8.kapitola (17 min., 54 sek.) |
| 505 | 0 | 0 | |t 9.kapitola (21 min., 37 sek.) |
| 505 | 0 | 0 | |t 10.kapitola (13 min., 3 sek.) |
| 505 | 0 | 0 | |t 11.kapitola (25 min., 40 sek.) |
| 505 | 0 | 0 | |t 12.kapitola (13 min., 37 sek.) |
| 505 | 0 | 0 | |t 13.kapitola (32 min., 41 sek.) |
| 505 | 0 | 0 | |t 14.kapitola (37 min., 35 sek.) |
| 505 | 0 | 0 | |t 15.kapitola (13 min., 38 sek.) |
| 505 | 0 | 0 | |t 16.kapitola (18 min., 49 sek.) |
| 505 | 0 | 0 | |t 17.kapitola (13 min., 28 sek.) |
| 505 | 0 | 0 | |t 18.kapitola (16 min., 48 sek.) |
| 505 | 0 | 0 | |t 19.kapitola (28 min., 59 sek.) |
| 505 | 0 | 0 | |t 20.kapitola (24 min., 9 sek.) |
| 505 | 0 | 0 | |t 21.kapitola (27 min., 49 sek.) |
| 505 | 0 | 0 | |t 22.kapitola (14 min., 25 sek.) |
| 505 | 0 | 0 | |t 23.kapitola (19 min., 32 sek.) |
| 505 | 0 | 0 | |t 24.kapitola (27 min., 15 sek.) |
| 505 | 0 | 0 | |t 25.kapitola (34 min., 2 sek.) |
| 505 | 0 | 0 | |t 26.kapitola (39 min., 27 sek.) |
| 505 | 0 | 0 | |t 27.kapitola (23 min., 31 sek.) |
| 505 | 0 | 0 | |t 28.kapitola (18 min., 7 sek.) |
| 505 | 0 | 0 | |t 29.kapitola (11 min., 36 sek.) |
| 505 | 0 | 0 | |t 30.kapitola (24 min., 34 sek.) |
| 505 | 0 | 0 | |t 31.kapitola (28 min., 53 sek.) |
| 505 | 0 | 0 | |t 32.kapitola (20 min., 43 sek.) |
| 505 | 0 | 0 | |t 33.kapitola (23 min., 32 sek.) |
| 505 | 0 | 0 | |t 34.kapitola (5 min., 39 sek.) |
| 505 | 0 | 0 | |t 35.kapitola (9 min., 53 sek.) |
| 505 | 0 | 0 | |t 36.kapitola (9 min., 20 sek.) |
| 505 | 0 | 0 | |t 37.kapitola (17 min., 38 sek.) |
| 505 | 0 | 0 | |t 38.kapitola (8 min., 50 sek.) |
| 505 | 0 | 0 | |t 39.kapitola (13 min., 40 sek.) |
| 505 | 0 | 0 | |t 40.kapitola (21 min., 54 sek.) |
| 505 | 0 | 0 | |t 41.kapitola (8 min., 52 sek.) |
| 505 | 0 | 0 | |t 42.kapitola (15 min., 19 sek.) |
| 505 | 0 | 0 | |t 43.kapitola (5 min., 44 sek.) |
| 505 | 0 | 0 | |t 44.kapitola (4 min., 19 sek.) |
| 505 | 0 | 0 | |t 45.kapitola (16 min., 57 sek.) |
| 505 | 0 | 0 | |t 46.kapitola (10 min., 6 sek.) |
| 505 | 0 | 0 | |t 47.kapitola (8 min., 48 sek.) |
| 505 | 0 | 0 | |t 48.kapitola (15 min., 0 sek.) |
| 505 | 0 | 0 | |t 49.kapitola (15 min., 38 sek.) |
| 910 | |a RBIT002 | ||
| 998 | |d 206763 |a https://core.palmknihy.cz/api/books/206763/cover?s23rbz |b https://core.palmknihy.cz/api/books/206763/cover/400?s23rbz |c https://core.palmknihy.cz/api/books/206763/cover/50?s23rbz |e 2027-07-25 |i 8594050426894 |l 51780 |q 49 |r 1 |s https://www.palmknihy.cz/kniha/206763 |t audiobook |y 2019 |z 0 | ||
| 999 | |d 313067 | ||